Great stories of the Victoria Cross / (Record no. 128277)

MARC details
000 -LEADER
fixed length control field 00701nam a22002297a 4500
005 - DATE AND TIME OF LATEST TRANSACTION
control field 20170124110037.0
010 ## - LIBRARY OF CONGRESS CONTROL NUMBER
LC control number A-048607
020 ## - INTERNATIONAL STANDARD BOOK NUMBER
Terms of availability 00.00
International Standard Book Number 0213166445
035 ## - SYSTEM CONTROL NUMBER
System control number A-048607
037 ## - SOURCE OF ACQUISITION
Source of stock number/acquisition Cen Lib/Ret
040 ## - CATALOGING SOURCE
Original cataloging agency DPL
Language of cataloging EN
082 ## - DEWEY DECIMAL CLASSIFICATION NUMBER
Classification number 929.71
Item number SMY
100 ## - MAIN ENTRY--PERSONAL NAME
Personal name Smyth, Sir John
9 (RLIN) 22906
245 ## - TITLE STATEMENT
Title Great stories of the Victoria Cross /
Statement of responsibility, etc by Sir John Smyth
260 ## - PUBLICATION, DISTRIBUTION, ETC. (IMPRINT)
Place of publication, distribution, etc London
Name of publisher, distributor, etc Arthur Barker Limited
Date of publication, distribution, etc 1977
270 ## - ADDRESS
Address 11 St John's Hill
City London
Postal code SW11
300 ## - PHYSICAL DESCRIPTION
Extent 192p. :
Dimensions 21cm(Hb)
Other physical details ill.
500 ## - GENERAL NOTE
General note Includes bibliographical references and index.
650 ## - SUBJECT ADDED ENTRY--TOPICAL TERM
Topical term or geographic name as entry element Victoria Cross
9 (RLIN) 22907
650 ## - SUBJECT ADDED ENTRY--TOPICAL TERM
Topical term or geographic name as entry element Great Britain
9 (RLIN) 22908
942 ## - ADDED ENTRY ELEMENTS (KOHA)
Source of classification or shelving scheme Dewey Decimal Classification
Koha item type English Books
Classification part 929.71
Call number suffix SMY
Holdings
Withdrawn status Lost status Damaged status Not for loan Home library Current library Date acquired Source of acquisition Cost, normal purchase price Total Checkouts Total Renewals Full call number Barcode Date last seen Date checked out Copy number Cost, replacement price Price effective from Koha item type
        Central Library Central Library 02/07/2015 Cen Lib/Ret 0.00 2 1 929.71 SMY A-048607 04/01/2022 18/12/2021 1 0.00 02/07/2015 English Books

© Delhi Public Library
Hit Counter
free hit counter